Шутник: сборник научно-фантастических произведений о роботах

Dades bibliogràfiques
Sumari:Исключено из фонда НТБ ТПУ
Idioma:rus
Publicat: Москва, Мир, 1971
Col·lecció:Зарубежная фантастика
Format: MixedMaterials Llibre
KOHA link:https://koha.lib.tpu.ru/cgi-bin/koha/opac-detail.pl?biblionumber=79981

MARC

LEADER 00000nam0a2200000 4500
001 79981
005 20231031094432.0
035 |a (RuTPU)RU\TPU\book\85977 
090 |a 79981 
100 |a 20050830d1977 m y0rusy50 ca 
101 1 |a rus 
102 |a RU 
105 |a y z 000ay 
200 1 |a Шутник  |e сборник научно-фантастических произведений о роботах 
210 |a Москва  |c Мир  |d 1971 
215 |a 376 с. 
225 1 |a Зарубежная фантастика 
333 |a Исключено из фонда НТБ ТПУ 
801 1 |a RU  |b 63413507  |c 20050830  |g PSBO 
801 2 |a RU  |b 63413507  |c 20120411  |g RCR 
942 |c BK